| 000 | 00511nam a2200181Ia 4500 | ||
|---|---|---|---|
| 999 |
_c29523 _d29523 |
||
| 003 | OSt | ||
| 005 | 20201130103044.0 | ||
| 008 | 190216s9999||||xx |||||||||||||| ||und|| | ||
| 020 | _a9788130007113 | ||
| 040 | _coclc | ||
| 082 |
_a894.8123 _bPUL/R |
||
| 100 |
_aPulinkunnu, Johnson _97010 |
||
| 245 | 0 |
_aRajahamsam / _cJohnson Pulinkunnu |
|
| 260 |
_bGayathri Publishers, _aKottayam: _c2008. |
||
| 300 | _a248p | ||
| 650 | _aNovel | ||
| 942 |
_cBK _2ddc _h894.8123 _iPUL/R _k894.8123 _mPUL/R |
||